Pays ayant des revendications territoriales en Antarctique - Statistiques

Statistiques générales
  • Ce quiz a été pris 6 739 fois
  • Le résultat moyen est 5 sur 7
Réponses sur la Carte
Les réponses sont colorées sur une échelle allant du rouge au vert en fonction du pourcentage des utilisateurs qui les ont devinées à leur premier essai. Vous pouvez retrouver ces pourcentages ci-dessous.
 
Statistiques - réponses
km² Pays % Correct
432 000 France
96%
1 395 000 Royaume-Uni
86%
6 119 818 Australie
82%
965 314 Argentine
79%
1 236 000 Chili
74%
450 000 Nouvelle-Zélande
71%
2 500 243 Norvège
51%
Aucun quiz correspondant
Distribution des résultats
% des personnes avec chaque résultat
Percentile par nombre de réponses
Votre historique - résultats
Vous n’avez pas pris ce quiz